Mobb Deep - Hell on Earth tracklist - Statistics

General Stats
  • This quiz has been taken 19 times
  • The average score is 11 of 14
Answer Stats
# Answer % Correct
11. Hell on Earth (Front Lines)
100%
2. Drop a Gem on Em'
85%
8. Nighttime Vultures
85%
1. Animal Instinct
77%
14. Apostle's Warning
77%
3. Bloodsport
77%
4. Extortion
77%
12. Give It Up Fast
77%
6. Man Down
77%
7. Can't Get Enough Of It
69%
10. Get Dealt With
69%
9. G.O.D. Pt. III
69%
5. More Trife Life
69%
13. Still Shinin'
69%
No matching quizzes found
Score Distribution
Percent of People with Each Score
Percentile by Number Answered
Your Score History
You have not taken this quiz